|
|
|
|
| LEADER |
00000nam a2200000 a 4500 |
| 001 |
vtls001293539 |
| 003 |
SK-MaSNL |
| 005 |
20260301113608.0 |
| 008 |
240316s1997 xo p r y 0 slo |
| 015 |
|
|
|a SNBA1998/0100169
|
| 020 |
|
|
|a 8088767245
|
| 035 |
|
|
|a SNK000245308
|
| 035 |
|
|
|a urn:nbn:sk:snk-amtho7
|
| 035 |
|
|
|a urn:nbn:sk:snk-am00c4g8
|
| 035 |
|
|
|a 3DB39020-27D8-4C1E-9C82-1B6BF9C164E8
|
| 040 |
|
|
|a SNK
|b slo
|c SNK
|e AACR2
|
| 041 |
0 |
|
|a slo
|
| 044 |
|
|
|a xo
|c SK
|
| 080 |
|
|
|a 657.11(075.4)
|2 1981
|
| 100 |
1 |
|
|a Gábrišová, Bernadeta
|4 aut
|9 43814
|
| 245 |
1 |
|
|a Kurz jednoduchého účtovníctva
|n 8. lekcia
|p [Personalistika v podniku a mzdy]
|c [Gabrišová, Kolmanová]
|
| 260 |
|
|
|a Žilina
|b ICP
|c [1997]
|
| 300 |
|
|
|a 28 s., [5] s. príl.
|c 30 cm
|
| 500 |
|
|
|a Údaj o aut. prevzatý z obalu
|
| 650 |
0 |
7 |
|a účtovníctvo jednoduché
|x učebnice kurzov
|2 SNK
|9 383106
|
| 655 |
|
7 |
|a príručky
|2 SNK
|9 74364
|
| 700 |
1 |
|
|a Kolmanová, Mária
|4 aut
|9 27549
|
| 919 |
|
|
|a 80-88767-24-5
|
| 958 |
|
|
|a OND
|
| 958 |
|
|
|a TL
|
| 958 |
|
|
|a BQ
|
| 999 |
|
|
|c 714849
|d 716779
|
| 952 |
|
|
|t P60, <09>, [BOOK], {629}
|a SNK
|b SNK
|y NEVYP
|7 0
|o snkB 957
|i snk3406/970710
|0 0
|1 0
|4 0
|d 1997-07-09
|l 0
|r 2005-01-02 00:00:00
|w 2026-02-23
|
| 952 |
|
|
|t P60, <03>, [BOOK], {603}
|a SNK
|b SNK
|y PREZ
|7 0
|p 17A0085107
|o snkSB 57514/8
|i snkKSP 8702/97
|0 0
|1 0
|4 0
|d 1997-08-08
|f 1
|l 0
|r 2025-04-09 00:00:00
|w 2026-02-23
|
| 952 |
|
|
|t P60, <04>, [BOOK], {604}
|a SNK
|b SNK
|y VYP
|7 0
|p 17A0085106
|o snkSB 57514/8 D1
|i snkKSP 8703/97
|0 0
|1 0
|4 0
|d 1997-08-08
|l 0
|r 2005-01-02 00:00:00
|w 2026-02-23
|